| 000 | 00917nam a22002175i 4500 | ||
|---|---|---|---|
| 001 | 164861 | ||
| 003 | ES-MaACL | ||
| 005 | 20251015063146.0 | ||
| 008 | 940615s1840 be |||| | fre d | ||
| 040 |
_aCAM _bspa |
||
| 100 | 1 |
_aSay, Jean Baptiste, _d1767-1832 _9132518 |
|
| 245 | 1 | 0 |
_aCours complet d'économic politique pratique ... / _cpar Jean-Baptiste Say ; seconde éd. entièrement revue par l'auter ; publiéc sur les manuscrits qu'il a laissés, et augmentée de notes, par Horace Say, son fils. |
| 250 | _a2e éd. rev. et augm. | ||
| 260 |
_aBruxelles : _bHauman et Cie, _c1840. |
||
| 300 |
_a622 p. ; _c28 cm. |
||
| 597 | _aTexto a dos col. | ||
| 650 | 0 | 7 |
_aEconomía _2embne _912006 |
| 700 | 0 |
_aSay, Horace. _9132517 |
|
| 852 |
_aES-MaACL _jG-9737 _z-- Enc. hol. _x-- Edic.: En pie de imp. consta: Bruxelles : Société Belge de Libraire, Hauman et c\pe\s; 1840 |
||
| 999 |
_c164861 _d164861 |
||